000 00624nam a22002057a 4500
999 _c17550
_d17550
003 AR-CdUCM
008 190509b ||||| |||| 00| 0 spa d
040 _aMUNICIPALIDAD PROVINCIAL DEL CUSCO
_cBIBLIOTECA MUNICIPAL DEL CUSCO
082 _a860 /
_bV945
100 _aVon Horvath, Odon
_937632
245 _aLa era del pez /
260 _aBarcelona :
_bPomaire,
_c1979.
300 _a190 páginas ;
_c21 cm.
505 _aContenido : El guardameta -- El aviador perdido -- Inmundicia -- El juicio.
650 _aLiteratura
_983
650 _aNovela
_95
650 _aPoesía
_9139
942 _2ddc
_cLIBROS
945 _arcc